| 000 | 00665nam a2200217 i 4500 | ||
|---|---|---|---|
| 001 | 71034 | ||
| 003 | ES-MaACL | ||
| 005 | 20230906171010.0 | ||
| 007 | t| | ||
| 008 | 040805s1985 sp ||||1| spa d | ||
| 020 | _a84-204-2424-2 | ||
| 100 | 1 |
_aGass, William. _955901 |
|
| 245 | 1 | 0 |
_aEn el corazón del corazón del país / _cWilliam Gass ; traducción de Ana Antón Pacheco. |
| 260 |
_aMadrid : _bAlfaguara, _c1985. |
||
| 300 |
_a265 p. ; _c20 cm. |
||
| 490 | 1 |
_aLiteratura Alfaguara ; _v177 |
|
| 700 | 1 |
_aAntón-Pacheco, Ana. _921952 |
|
| 830 | 0 |
_aLiteratura Alfaguara ; _v177 _9178100 |
|
| 852 |
_aES-MaACL _jL-11159 _bR.111874 |
||
| 999 |
_c71034 _d71034 |
||